000
00323 a2200157 4500
001
185194
020
_a
040
_c
Magnum
100
_a
Bertoldi, Andressa de Souza
240
1
0
_a
Rumo ao pódio
_l
por
245
1
0
_a
Rumo ao pódio
300
_a
33
362
0
_a
2004
697
_a
LITERATURA INFANTIL
942
_c
BK
999
_c
185194
_d
185194